| 000 | 00676nam a2200217Ii 4500 | ||
|---|---|---|---|
| 003 | JO-AjNU | ||
| 008 | 230605s9999||||xx |||||||||||||| ||und|| | ||
| 017 | _a1993/2599 | ||
| 020 | _a977-5344-85-9 | ||
| 040 |
_aJO-AjNU _bara _erda _cJO-AjNU |
||
| 041 | _aara | ||
| 050 | 1 | 4 | _aQB43.2 1993 |
| 100 | 3 |
_aسليمان ، عباس, _eauthor _936223 |
|
| 245 | 0 | 0 | _aالتذكرة في علم الهيئة مع دراسة لاسهمات الطوسى الفلكية |
| 264 | 3 | 1 | _a د.م : د.ن ، 1993 |
| 300 | _a324ص | ||
| 336 |
_atext _btxt _2rdacontent |
||
| 337 |
_aunmediated _bn _2rdamedia |
||
| 338 |
_avolume _bnc _2rdacarrier |
||
| 650 | 4 |
_aعلم الفلك _936224 |
|
| 999 |
_aA15030 _c18598 _d18598 |
||